[Event "tango"]
[Site "http://www.queenalice.com/game.php?id=417062"]
[Date "2008.6.14"]
[Round "-"]
[White "bartataca"]
[Black "kokkieschaak"]
[Result "0-1"]
[WhiteElo "1685"]
[BlackElo "1995"]

1. d4 d5 2. Bf4 e6 3. e3 c5 4. Nf3 Nc6 5. Bb5 Bd7 6. Ng5 cxd4 7. exd4 Qa5+ 8.
Nc3 Bb4 9. Bxc6 Bxc3+ 10. Bd2 Bxd2+ 11. Qxd2 Qxd2+ 12. Kxd2 Bxc6 13. Rhe1 Nf6
14. f3 h6 15. Nh3 Kd7 16. Rad1 Rac8 17. Kc1 Ba4 18. Re2 Rc7 19. Nf4 Rhc8 20.
Rdd2 g5 21. Nd3 Bb5 22. Re3 Bxd3 23. Rexd3 Ne8 24. b3 Rc3 25. Rxc3 Rxc3 26. Re2
Nd6 27. g4 Rxf3 28. Rg2 Nb5 29. Kb2 Nxd4 30. a4 f5 31. gxf5 Nxf5 32. Ka3 a5 33.
Kb2 Kd6 34. Rd2 Rh3 35. Kc1 Ne3 36. Rd3 e5 37. Kd2 Nf1+ 38. Kc3 Rxd3+ 39. Kxd3
Nxh2 40. Ke2 Kc5 41. c3 b6 42. Kf2 Ng4+ 43. Kf3 h5 44. Kg3 e4 45. Kg2 d4 46. Kf1
dxc3 47. Ke1 Kb4 0-1

[Event "rematch"]
[Site "http://www.queenalice.com/game.php?id=420175"]
[Date "2008.6.19"]
[Round "-"]
[White "bugeyewrx"]
[Black "kokkieschaak"]
[Result "1-0"]
[WhiteElo "1981"]
[BlackElo "2039"]

1. d4 d5 2. c4 e6 3. Nf3 c5 4. cxd5 Qxd5 5. Nc3 Qd8 6. e3 cxd4 7. exd4 Bb4 8.
Bd3 Nc6 9. O-O Nxd4 10. Nxd4 Bxc3 11. bxc3 Bd7 12. Qg4 g6 13. Ba3 Qc7 14. Nb5
Qc6 15. Nd6+ Kf8 16. Nf5+ Ke8 17. Qb4 Kd8 18. Qf8+ Kc7 19. Bd6+ Kb6 20. Rab1+
1-0

[Event "rematch"]
[Site "http://www.queenalice.com/game.php?id=423156"]
[Date "2008.6.25"]
[Round "-"]
[White "proudpawn"]
[Black "kokkieschaak"]
[Result "1-0"]
[WhiteElo "1818"]
[BlackElo "2024"]

1. e4 e5 2. Nf3 d6 3. d4 exd4 4. Nxd4 Nf6 5. Nc3 Be7 6. Be2 O-O 7. O-O c5 8. Nf3
a6 9. Bf4 b5 10. Nd5 Nxe4 11. Bd3 Nf6 12. Nxf6+ Bxf6 13. Bxd6 Re8 14. Bxc5 Bxb2
15. Rb1 Bc3 16. Bb4 Bxb4 17. Rxb4 Nc6 18. Rh4 h6 19. Re1 Rxe1+ 20. Qxe1 Be6 21.
Qe4 Ne7 22. Nd4 Rc8 23. Qh7+ Kf8 24. Qh8+ Ng8 25. Nxe6+ fxe6 26. Rf4+ 1-0

[Event "Let's Play Chess!"]
[Site "http://www.queenalice.com/game.php?id=436070"]
[Date "2008.8.15"]
[Round "-"]
[White "kokkieschaak"]
[Black "Andre251"]
[Result "1-0"]
[WhiteElo "1957"]
[BlackElo "1702"]

1. d4 Nf6 2. c4 e6 3. Nc3 b6 4. Bg5 Be7 5. e3 Bb7 6. Nf3 d6 7. Rc1 h6 8. Bf4
Nbd7 9. Bd3 c5 10. Nb5 cxd4 11. exd4 O-O 12. Nxd6 Bxd6 13. Bxd6 Re8 14. O-O Nf8
15. Be5 Ng4 16. Qe2 Bxf3 17. Qxf3 Nxe5 18. dxe5 Qg5 19. Qe2 Ng6 20. Bxg6 Qxg6
21. c5 bxc5 22. Rxc5 Rab8 23. Rc7 a5 24. Rfc1 Qg5 25. Qf3 Rf8 26. Qc3 a4 27. Rd1
Qh5 28. f3 Qg5 29. Ra7 Rfc8 30. Qd4 Rc2 31. g3 Qh5 32. Rd2 Rc1+ 33. Kg2 a3 34.
Rxa3 Re1 35. Re3 Ra1 36. b3 Rb1 37. Rc3 Qg5 38. Rdc2 Rd8 39. Rc8 Rxc8 40. Rxc8+
Kh7 41. Qe4+ Qg6 42. Qxg6+ Kxg6 43. Rc2 Kf5 44. Re2 g5 45. g4+ Kg6 46. Kf2 Rc1
47. Rb2 Rh1 48. Kg2 Re1 49. b4 Rxe5 50. b5 h5 51. b6 hxg4 52. fxg4 f5 53. b7
fxg4 54. b8=Q g3 55. Qxe5 g4 56. hxg3 Kh6 57. Qf6+ Kh5 58. Rb5+ e5 59. Rxe5# 1-0

[Event "742"]
[Site "http://www.queenalice.com/game.php?id=437243"]
[Date "2008.7.26"]
[Round "-"]
[White "kokkieschaak"]
[Black "phystutordotcom"]
[Result "0-1"]
[WhiteElo "2050"]
[BlackElo "1982"]

1. d4 g6 2. c4 Bg7 3. Nc3 d6 4. e3 Nd7 5. Nf3 Ngf6 6. Bd2 O-O 7. Bd3 e5 8. O-O
Re8 9. Qc2 c6 10. b4 Qc7 11. a4 d5 12. dxe5 Nxe5 13. Nxe5 Qxe5 14. f4 Qh5 15.
Rae1 dxc4 16. Bxc4 Be6 17. Be2 Bg4 18. Bf3 Rad8 19. h3 Bxf3 20. Rxf3 Nd5 21. Ne4
Qf5 22. Qc5 Qxe4 23. Qxa7 Nxb4 0-1

[Event "tango"]
[Site "http://www.queenalice.com/game.php?id=439211"]
[Date "2008.7.26"]
[Round "-"]
[White "kokkieschaak"]
[Black "efimbog"]
[Result "0-1"]
[WhiteElo "2046"]
[BlackElo "1887"]

1. d4 d5 2. c4 dxc4 3. Nc3 Nf6 4. Bg5 Nd5 5. Rc1 Nxc3 6. Rxc3 Qd5 7. Nf3 b5 8.
e3 Bg4 9. Bf4 e6 10. a3 Bxf3 11. gxf3 Bd6 12. e4 Qh5 13. e5 Qf5 14. Bg3 Be7 15.
d5 O-O 16. b3 Bxa3 17. bxc4 Bb4 18. Qc1 Bxc3+ 19. Qxc3 Qb1+ 20. Ke2 b4 21. Qd2
Na6 22. Bg2 Qb3 23. f4 Qxc4+ 24. Qd3 Qxd3+ 25. Kxd3 exd5 26. Ra1 Nc5+ 27. Kc2 c6
28. Ra5 Nb7 29. Ra6 Rfc8 30. f5 Nc5 31. Ra5 Ne4 32. Bh4 Nc3 33. f6 g6 34. Bh3
Rc7 35. Bg5 c5 36. Bh6 Rb8 37. Bg7 Rb6 38. f4 d4 39. f5 b3+ 40. Kb2 Nd1+ 41. Kb1
b2 0-1

[Event "samba"]
[Site "http://www.queenalice.com/game.php?id=439212"]
[Date "2008.7.26"]
[Round "-"]
[White "efimbog"]
[Black "kokkieschaak"]
[Result "1/2-1/2"]
[WhiteElo "1909"]
[BlackElo "1999"]

1. e4 e5 2. Nf3 d6 3. h3 Be7 4. Bc4 Nf6 5. d3 O-O 6. O-O Nbd7 7. a3 c6 8. b4 b5
9. Ba2 a5 10. Nh2 Bb7 11. c3 c5 12. Bb2 Nb6 13. Bb3 c4 14. Bc2 cxd3 15. Bxd3
axb4 16. Bxb5 bxa3 17. Rxa3 Rxa3 18. Bxa3 Bxe4 19. c4 Qa8 20. Bxd6 Bxd6 21. Qxd6
Nc8 22. Qxe5 Bxg2 23. Re1 Bxh3 24. f3 Qa2 25. Qg3 Bf5 26. Nc3 Qa7+ 27. Qf2 Qc7
28. Ne4 Nxe4 29. fxe4 Be6 30. c5 f5 31. e5 Na7 32. Bd3 Nc6 33. Nf3 Ra8 34. Ng5
Bc8 35. e6 Ne7 36. Nf7 Bxe6 37. Rxe6 Ra1+ 38. Kg2 Kxf7 39. Bxf5 h6 40. Bg4+ Kg8
41. Bh5 Ra7 42. Qf7+ Kh7 43. Bg6+ Kh8 44. Qe8+ Ng8 45. Bc2 Qxc5 46. Qg6 Qd5+ 47.
Kf2 Qd2+ 48. Re2 Qd4+ 49. Re3 Qf4+ 50. Ke2 Qh2+ 51. Kf3 Qh1+ 52. Ke2 Qh2+ 53.
Kf3 Qh1+ 54. Ke2 1/2-1/2

[Event "tango"]
[Site "http://www.queenalice.com/game.php?id=439213"]
[Date "2008.7.26"]
[Round "-"]
[White "kokkieschaak"]
[Black "pjhunt"]
[Result "1-0"]
[WhiteElo "2039"]
[BlackElo "1819"]

1. d4 e6 2. Nf3 Nf6 3. Bg5 h6 4. Bh4 d6 5. c4 d5 6. Nc3 g5 7. Bg3 Bb4 8. Rc1 Ne4
9. e3 Nd7 10. cxd5 exd5 11. Bd3 Bxc3+ 12. bxc3 Ndf6 13. O-O 1-0

[Event "samba"]
[Site "http://www.queenalice.com/game.php?id=439214"]
[Date "2008.7.26"]
[Round "-"]
[White "pjhunt"]
[Black "kokkieschaak"]
[Result "0-1"]
[WhiteElo "1827"]
[BlackElo "2031"]

1. c4 c5 2. Nf3 Nf6 3. Nc3 Nc6 4. d4 cxd4 5. Nxd4 Nxd4 6. Qxd4 g6 7. e4 Bg7 8.
e5 Ng8 9. c5 e6 10. Ne4 Bf8 11. Bg5 Qc7 0-1

[Event "tango"]
[Site "http://www.queenalice.com/game.php?id=448228"]
[Date "2008.8.13"]
[Round "-"]
[White "kokkieschaak"]
[Black "Lightningzap007"]
[Result "1-0"]
[WhiteElo "1992"]
[BlackElo "1696"]

1. d4 Nf6 2. c4 g6 3. Nc3 d5 4. e3 Bg7 5. Nf3 O-O 6. cxd5 Nxd5 7. Nxd5 Qxd5 8.
Bd2 c5 9. Bc3 cxd4 10. Nxd4 Nc6 11. Ne2 Qxd1+ 12. Rxd1 Be6 13. a3 Rfd8 14. Rc1
Rd7 15. Nf4 Bb3 16. Bxg7 Kxg7 17. Bb5 Rad8 18. Bxc6 bxc6 19. O-O e5 20. Rc3 Bd1
21. Nh3 Be2 22. Re1 Rd1 23. Rc1 Rxc1 24. Rxc1 1-0

[Event "tango"]
[Site "http://www.queenalice.com/game.php?id=448229"]
[Date "2008.8.13"]
[Round "-"]
[White "kokkieschaak"]
[Black "patoche"]
[Result "0-1"]
[WhiteElo "2000"]
[BlackElo "2264"]

1. d4 d5 2. c4 Nc6 3. e3 e5 4. cxd5 Qxd5 5. Nc3 Bb4 6. Bd2 Bxc3 7. Bxc3 exd4 8.
exd4 Nf6 9. Nf3 O-O 10. Be2 Bg4 11. O-O Rfe8 12. a3 Re7 13. Re1 Rae8 14. Ne5
Bxe2 15. Rxe2 Qd6 16. f4 Nd5 17. Qb3 Nxf4 18. Rf2 Nxd4 19. Bxd4 Qxd4 20. Nf3 Qc5
21. Rd1 Re2 22. Rf1 Rxf2 23. Rxf2 Re2 0-1

[Event "cha cha"]
[Site "http://www.queenalice.com/game.php?id=448230"]
[Date "2008.8.13"]
[Round "-"]
[White "Lightningzap007"]
[Black "kokkieschaak"]
[Result "0-1"]
[WhiteElo "1700"]
[BlackElo "1988"]

1. e4 e5 2. Bc4 d6 3. d3 Be7 4. f4 exf4 5. Bxf4 Nf6 6. Nc3 O-O 7. Nf3 Nc6 8. Qd2
Bg4 9. O-O-O Bxf3 10. gxf3 Ne5 11. Bxe5 dxe5 12. Rdg1 Nh5 13. Qh6 g6 14. Qxh5 b5
15. Rxg6+ Kh8 16. Rh6 Bg5+ 17. Kb1 Bxh6 18. Bd5 Bg7 19. Bxa8 Qxa8 20. Rg1 Qe8
21. Nd5 c6 22. Qg5 Rg8 23. Nf6 h6 24. Qf5 Bxf6 0-1

[Event "cha cha"]
[Site "http://www.queenalice.com/game.php?id=448231"]
[Date "2008.8.13"]
[Round "-"]
[White "arq40"]
[Black "kokkieschaak"]
[Result "0-1"]
[WhiteElo "1876"]
[BlackElo "1995"]

1. e4 e5 2. Nf3 d6 3. Be2 Be7 4. d4 exd4 5. Nxd4 Nf6 6. Nc3 O-O 7. O-O c6 8. Be3
b5 9. Bf3 Bb7 10. Nf5 a5 11. Bf4 d5 12. Nxe7+ Qxe7 13. exd5 b4 14. dxc6 Nxc6 15.
Nb5 Rfd8 16. Qe1 Qc5 17. Nd4 Qxd4 18. Bxc6 Bxc6 19. Be5 Qd5 20. f3 Re8 21. Qg3
Qxe5 22. Qxe5 Rxe5 23. Rfe1 Rxe1+ 24. Rxe1 Kf8 0-1

[Event "cha cha"]
[Site "http://www.queenalice.com/game.php?id=449156"]
[Date "2008.8.16"]
[Round "-"]
[White "kokkieschaak"]
[Black "Carlos75"]
[Result "0-1"]
[WhiteElo "1963"]
[BlackElo "2547"]

1. d4 Nf6 2. c4 e6 3. Nc3 Bb4 4. Bd2 O-O 5. Rc1 c5 6. e3 cxd4 7. exd4 d5 8. Nf3
Nc6 9. a3 Ba5 10. b4 Bc7 11. Be2 dxc4 12. Bg5 h6 13. Bh4 Bb6 14. Bxc4 Nxd4 15.
O-O Nf5 16. Qxd8 Rxd8 17. Bxf6 gxf6 18. Ne4 Kg7 19. Rfd1 Bd7 20. Bb3 Bc6 21. Bc2
Nd4 22. Nxd4 Bxd4 23. Ng3 f5 24. Rd3 Bb5 25. Nh5+ Kf8 26. Rh3 Rac8 27. a4 Bxa4
0-1

[Event "cha cha"]
[Site "http://www.queenalice.com/game.php?id=449157"]
[Date "2008.8.16"]
[Round "-"]
[White "kokkieschaak"]
[Black "constantin"]
[Result "1-0"]
[WhiteElo "2004"]
[BlackElo "1732"]

1. d4 d5 2. c4 dxc4 3. Nc3 e6 4. e3 Bb4 5. Bxc4 Bxc3+ 6. bxc3 Nf6 7. Qf3 O-O 8.
e4 Re8 9. Bg5 Nbd7 10. e5 h6 11. Bxh6 gxh6 12. exf6 Qxf6 13. Qg3+ Qg7 14. Ne2
Qxg3 15. hxg3 Nb6 16. Bb3 Kg7 17. Nf4 e5 18. Nh5+ Kf8 19. d5 Rd8 20. c4 Bf5 21.
Nf6 Rd6 22. Nh5 Bg6 23. c5 Rxd5 24. cxb6 Rc5 25. bxc7 Rxc7 26. Nf6 Rac8 27. Rxh6
Rc1+ 28. Rxc1 Rxc1+ 29. Kd2 Rf1 30. Ng4 Kg7 31. Rh2 e4 32. Ke2 Rc1 33. Ne5 Rc5
34. Nxg6 Kxg6 35. Rh4 f5 36. f3 exf3+ 37. gxf3 b5 38. Kd3 Rc1 39. Rh8 Rf1 40. f4
Rf3+ 41. Kd4 Kg7 42. Ra8 Rxg3 43. Rg8+ Kf6 44. Rxg3 a6 45. Kc5 a5 46. Kxb5 a4
47. Kxa4 Ke7 48. Rg6 Kd7 49. Kb5 Kc7 50. a4 Kb7 51. Rg7+ Kc8 52. Kc6 Kd8 53. a5
Ke8 54. Rf7 Kd8 55. a6 Ke8 56. Kd6 Kd8 57. Rf8# 1-0

[Event "cha cha"]
[Site "http://www.queenalice.com/game.php?id=449158"]
[Date "2008.8.16"]
[Round "-"]
[White "kokkieschaak"]
[Black "claudiopsi"]
[Result "1-0"]
[WhiteElo "2006"]
[BlackElo "2061"]

1. d4 Nf6 2. c4 g6 3. Nc3 d5 4. e3 Bg7 5. Nf3 c6 6. Bd2 O-O 7. Rc1 Bf5 8. cxd5
cxd5 9. Qb3 Qb6 10. Nxd5 Nxd5 11. Qxd5 Qxb2 12. Qb3 Qxb3 13. axb3 b6 14. Rc7 e6
15. Bb4 a5 16. Bxf8 Bxf8 17. Rb7 Be4 18. Rxb6 Bxf3 19. gxf3 Nd7 20. Ra6 Rxa6 21.
Bxa6 Bb4+ 22. Ke2 Kg7 23. Rd1 Nb6 24. Bb5 Nd5 25. Kd3 h5 26. Bc4 Nc3 27. Rc1 Na2
28. Rc2 Nc3 29. Rxc3 1-0

[Event "tango"]
[Site "http://www.queenalice.com/game.php?id=449159"]
[Date "2008.8.16"]
[Round "-"]
[White "Carlos75"]
[Black "kokkieschaak"]
[Result "1-0"]
[WhiteElo "2548"]
[BlackElo "1990"]

1. e4 e5 2. Nf3 Nf6 3. Nxe5 d6 4. Nf3 Nxe4 5. Qe2 Qe7 6. d3 Nf6 7. Bg5 Qxe2+ 8.
Bxe2 Be7 9. Nc3 c6 10. O-O-O O-O 11. Rhe1 Be6 12. Nd4 h6 13. Bf4 Nbd7 14. Bf3 g5
15. Bg3 g4 16. Be2 Ne5 17. Nxe6 fxe6 18. d4 Ng6 19. Bd3 Kf7 20. Bxg6+ Kxg6 21.
Rxe6 Kf7 22. Rde1 Rae8 23. Kd2 d5 24. Kd3 Bb4 25. Rxe8 Nxe8 26. Re2 Bxc3 27.
Kxc3 Nf6 28. f3 gxf3 29. gxf3 Nh5 30. Bd6 Rd8 31. Re7+ Kf6 32. Ba3 Rb8 33. Rd7
a5 34. Bd6 Ke6 35. Rh7 Kxd6 36. Rxh6+ Nf6 37. Rxf6+ Ke7 38. Rf4 Rh8 39. h4 Ke6
40. Kd3 b6 41. Ke3 c5 42. c3 c4 43. a3 b5 44. Kf2 b4 45. Kg3 bxc3 46. bxc3 Rb8
47. Rg4 Rb3 48. h5 Rxc3 49. h6 Rxa3 50. h7 c3 51. h8=Q 1-0

[Event "tango"]
[Site "http://www.queenalice.com/game.php?id=449160"]
[Date "2008.8.16"]
[Round "-"]
[White "minimindy"]
[Black "kokkieschaak"]
[Result "1-0"]
[WhiteElo "1913"]
[BlackElo "1994"]

1. e4 e5 2. Nf3 Nf6 3. Nxe5 d6 4. Nf3 Nxe4 5. d4 Bg4 6. Bd3 Qe7 7. O-O d5 8. c4
c6 9. Re1 Nd7 10. Nc3 Ndf6 11. Bg5 O-O-O 12. cxd5 Bxf3 13. Bxe4 Bxd1 14. Bf5+
Qd7 15. Bxd7+ Rxd7 16. dxc6 bxc6 17. Bxf6 gxf6 18. Re8+ Kc7 19. Rxd1 Re7 20.
Rxe7+ Bxe7 21. d5 c5 22. d6+ Bxd6 23. Nb5+ Kc6 24. Nxa7+ Kb7 25. Rxd6 Kxa7 26.
Rxf6 Rb8 27. Rxf7+ Ka6 28. b3 c4 29. Rxh7 cxb3 30. axb3 Rxb3 31. g4 Rb4 32. h3
1-0

[Event "tango"]
[Site "http://www.queenalice.com/game.php?id=449161"]
[Date "2008.8.16"]
[Round "-"]
[White "claudiopsi"]
[Black "kokkieschaak"]
[Result "1-0"]
[WhiteElo "2043"]
[BlackElo "2024"]

1. d4 d5 2. c4 c6 3. Nc3 Nf6 4. Nf3 e6 5. Bg5 Nbd7 6. e3 Be7 7. Rc1 O-O 8. cxd5
exd5 9. Bd3 Qc7 10. O-O Re8 11. Qc2 Nf8 12. Bxf6 Bxf6 13. h3 g6 14. Ne2 a6 15.
Nf4 Ne6 16. Nxd5 Qd8 17. Nxf6+ Qxf6 18. Ne5 Rd8 19. Ng4 Qg7 20. Qb3 Ng5 21. Ne5
Rb8 22. Nxc6 Nxh3+ 23. gxh3 Bxh3 24. Nxd8 Rxd8 25. Qxb7 Qf6 26. Rc5 Qh4 27. Be2
1-0

[Event "Challenge"]
[Site "http://www.queenalice.com/game.php?id=456460"]
[Date "2008.8.31"]
[Round "-"]
[White "kokkieschaak"]
[Black "efimbog"]
[Result "0-1"]
[WhiteElo "1975"]
[BlackElo "1913"]

1. d4 d5 2. c4 dxc4 3. Nc3 Nf6 4. Bg5 Nd5 5. Rc1 f6 6. Bh4 c6 7. e3 Nxc3 8. Rxc3
b5 9. a4 e5 10. axb5 cxb5 11. Qf3 Qa5 12. Qxa8 Qa1+ 13. Ke2 Qxb2+ 14. Kf3 Qxc3
15. Qxb8 e4+ 16. Kg3 Kf7 17. Qxc8 Bd6+ 0-1

[Event "tango"]
[Site "http://www.queenalice.com/game.php?id=467879"]
[Date "2008.9.24"]
[Round "-"]
[White "kokkieschaak"]
[Black "Aguinaldo"]
[Result "1-0"]
[WhiteElo "1963"]
[BlackElo "1794"]

1. d4 e6 2. c4 Nf6 3. Nc3 Bb4 4. Bg5 Bxc3+ 5. bxc3 h6 6. Bf4 g5 7. Be5 d6 8.
Bxf6 Qxf6 9. e3 Bd7 10. Qb3 Bc6 11. d5 Ba4 12. Qb2 Na6 13. Rc1 Nc5 14. Nf3 b6
15. Nd4 e5 16. Nb5 Qe7 17. Qb1 e4 18. Be2 a6 19. Nd4 Qe5 20. h3 f5 21. Bh5+ Ke7
22. Be2 g4 23. hxg4 fxg4 24. g3 Raf8 25. Rh2 h5 26. Kd2 h4 27. Bxg4 hxg3 28.
Rxh8 Rxh8 29. fxg3 Rh2+ 30. Be2 Bd7 31. Rg1 Ne6 32. dxe6 Bxe6 33. Nc6+ 1-0

[Event "tango"]
[Site "http://www.queenalice.com/game.php?id=467880"]
[Date "2008.9.24"]
[Round "-"]
[White "kokkieschaak"]
[Black "CampbellMarcel"]
[Result "1-0"]
[WhiteElo "1961"]
[BlackElo "1420"]

1. d4 f5 2. c4 e6 3. Nf3 h6 4. Nc3 Bb4 5. Qc2 Nf6 6. Bf4 g5 7. Bd2 Nc6 8. a3
Bxc3 9. Bxc3 O-O 10. d5 Ne7 11. dxe6 dxe6 12. Rd1 Qe8 13. e3 Ne4 14. Be5 Qc6 15.
Be2 Ng6 16. O-O Nxe5 17. Nxe5 Qe8 18. Bf3 Nf6 19. Rd2 Bd7 20. Bxb7 Rb8 21. Nxd7
Nxd7 22. Bc6 Rd8 23. Rfd1 Rf7 24. Qa4 1-0

[Event "cha cha"]
[Site "http://www.queenalice.com/game.php?id=467881"]
[Date "2008.9.24"]
[Round "-"]
[White "CampbellMarcel"]
[Black "kokkieschaak"]
[Result "0-1"]
[WhiteElo "1809"]
[BlackElo "1972"]

1. e4 e5 2. Nf3 d6 3. Bc4 Be7 4. O-O Nf6 5. Re1 O-O 6. d4 exd4 7. Nxd4 Bg4 8. f3
Bh5 9. Nf5 Nc6 10. Nxe7+ Qxe7 11. Bg5 Qe5 12. Bxf6 Qxf6 13. Nc3 Ne5 14. Be2 c6
15. f4 Bxe2 16. Nxe2 Nc4 17. b3 Nb6 18. g4 Rfe8 19. g5 Qg6 20. Ng3 Rad8 21. h4
f6 22. h5 Qf7 23. gxf6 Qxf6 24. Qg4 Qd4+ 25. Kh2 Qf2+ 26. Kh3 Qxc2 27. Nf5 Qc3+
28. Kh2 Rxe4 29. Rxe4 Qxa1 30. Nh6+ Kf8 31. Qe2 gxh6 32. Re7 Qf6 33. Rxb7 Qxf4+
34. Kh1 Qh4+ 35. Kg1 Qg5+ 36. Kf1 Qf6+ 37. Kg1 Kg8 38. Qg4+ Kh8 0-1

[Event "cha cha"]
[Site "http://www.queenalice.com/game.php?id=467882"]
[Date "2008.9.24"]
[Round "-"]
[White "Aguinaldo"]
[Black "kokkieschaak"]
[Result "0-1"]
[WhiteElo "1816"]
[BlackElo "1981"]

1. e4 e5 2. Nf3 d6 3. Bb5+ Nc6 4. Bxc6+ bxc6 5. b3 Bg4 6. h3 Bh5 7. g4 Bg6 8. d3
Be7 9. Nc3 h5 10. g5 h4 11. Be3 Bh5 12. Qe2 Bxf3 13. Qxf3 Bxg5 14. Bxg5 Qxg5 15.
Ke2 Qh5 16. Rag1 Qxf3+ 17. Kxf3 g6 18. a3 Nf6 19. b4 Ke7 20. a4 Nh5 21. b5 cxb5
22. axb5 Nf4 23. Ra1 Kd7 24. Ne2 Ne6 25. Rhb1 f5 26. exf5 gxf5 27. c3 Ng5+ 28.
Kg2 Rhg8 29. f4 exf4 30. Nxf4 Ne6+ 31. Kf2 Nxf4 32. Ke3 Nxh3 33. Rh1 Rg3+ 34.
Kd2 Rg2+ 35. Kc1 Rg1+ 36. Rxg1 Nxg1 37. Kb2 Nf3 38. Rf1 Ne5 39. Rxf5 Rh8 40. d4
Nc4+ 41. Kb3 Ke6 42. Rf2 h3 43. Rh2 Nd2+ 44. Rxd2 h2 0-1

[Event "rematch"]
[Site "http://www.queenalice.com/game.php?id=468504"]
[Date "2008.9.25"]
[Round "-"]
[White "Andre251"]
[Black "kokkieschaak"]
[Result "0-1"]
[WhiteElo "1803"]
[BlackElo "1996"]

1. c3 d5 2. e4 dxe4 3. Qe2 Nf6 4. h3 b6 5. Na3 e6 6. Nc4 Ba6 7. b4 Be7 8. a4 O-O
9. b5 Bb7 10. Ne5 Nbd7 11. Nc6 Bxc6 12. bxc6 Ne5 13. Qb5 Bc5 14. a5 a6 15. Qb2
b5 16. c4 Bd4 17. Qb1 Bxa1 18. Qxa1 Nxc4 19. Qc3 Nd5 20. Qb3 Nxa5 21. Qc2 f5 22.
Ba3 b4 23. Bb2 Qd6 24. d3 exd3 25. Bxd3 b3 26. Qc1 Rfd8 27. Ne2 Nb4 28. Bb1 Na2
29. Bxa2 bxa2 30. O-O Nxc6 31. Nf4 Nd4 32. Bxd4 Qxd4 33. g3 a1=Q 34. Qxa1 Qxa1
35. Rxa1 Kf7 36. Re1 Rd6 37. Rc1 Ra7 38. Rc4 a5 39. Ne2 a4 40. Nc3 a3 41. Nb5
Rd1+ 42. Kg2 a2 43. Nxa7 a1=Q 44. Rxc7+ Kf6 45. Rc8 Qxa7 46. Rh8 Qb7+ 47. Kh2
Qh1# 0-1